000 00711nam a22001817a 4500
005 20251028115840.0
100 _aKouakou, N.D.V.
245 _aEnhancement of rubber seeds (Hevea brasiliensis) in pig feed in Ivory Coast
260 _bNatural Rubber Industry: An Asset for Socio-economic development and preservation of the Environment: Proceedings of the International Rubber Conference, IRC 2018, 22-23 October 2018, International Rubber Research and Development Board, Abidjan, Cote D' Ivoire, pp. 135-140.
650 _aRubber seed
650 _aPig
650 _aFeed
700 _aAngbo-Kouakou, C.E.M.
700 _aKone, G.A.
700 _aYeboue, F.P.
700 _aKouadio, K.B.
942 _cAR
999 _c75695
_d75695